000 00647nam a22002297a 4500
999 _c4772
_d4772
003 AR-CdUCM
008 190311b ||||| |||| 00| 0 spa d
040 _aMUNICIPALIDAD PROVINCIAL DEL CUSCO
_cBIBLIOTECA MUNICIPAL DEL CUSCO
041 _heng
082 _a818.5 /
_bW86
100 _aWoolrich, Cornell
_914753
245 _aLa novia iba de negro /
260 _aBarcelona :
_bAcervo,
_c1963.
300 _a220 páginas :
_c19 cm.
500 _aNovela
650 _aNovela
_95
650 _aWilliam Irish
_914754
650 _aGeorge Hopley
_914755
700 _aTraducción: José M. Aroca
_914756
942 _2ddc
_cLIBROS
945 _admma